000 00997nam a22002777a 4500
999 _c7561
_d7561
003 AR-CdUCM
008 190320b ||||| |||| 00| 0 spa d
040 _aMUNICIPALIDAD PROVINCIAL DEL CUSCO
_cBIBLIOTECA MUNICIPAL DEL CUSCO
041 _heng
082 _a920 /
_bU42
100 _aUntermeyer, Louis
_921351
245 _aForjadores del mundo moderno :
_bLa vida de escritores, artistas, científicos, estadistas, inventores, filósofos, compositores y otros creadores que han cambiado la faz del mundo /
260 _aMéxico :
_bBiografías Gandesa,
_c1957.
300 _a3 t. ;
_c22 cm.
505 _aContenido : t.1: 1776-1844 -- t.2: 1845-1874 -- t.3: 1875-1914
650 _aEscritores
_92284
650 _aArtistas
_9394
650 _aCientíficos
_93270
650 _aBiografía
_910983
650 _aFilósofos
_9827
700 _aJulio Luermo
_921352
700 _aJosé Maria Frances
_921353
700 _aGonzalo Mazon
_921354
942 _2ddc
_cLIBROS
945 _admma